Maşın hissələri və konstruksiya etmənin əsasları (Record no. 439)

MARC details
000 -LEADER
fixed length control field 02729nam a2200373 4500
003 - CONTROL NUMBER IDENTIFIER
control field OSt
005 - DATE AND TIME OF LATEST TRANSACTION
control field 20260513120453.0
008 - FIXED-LENGTH DATA ELEMENTS--GENERAL INFORMATION
fixed length control field 260513b |||||||| |||| 00| 0 aze d
020 ## - INTERNATIONAL STANDARD BOOK NUMBER
International Standard Book Number 9789952453218
040 ## - CATALOGING SOURCE
Original cataloging agency AZ-XaKU
Language of cataloging aze
Transcribing agency AZ-XaKU
041 0# - LANGUAGE CODE
Language code of text/sound track or separate title aze
050 14 - LIBRARY OF CONGRESS CALL NUMBER
Classification number TJ230 .M680 2022
100 1# - MAIN ENTRY--PERSONAL NAME
Personal name Mirzəyev, Hüseyn,
Relator term müəllif.
245 1# - TITLE STATEMENT
Title Maşın hissələri və konstruksiya etmənin əsasları
Remainder of title : Laboratoriya işləri
Statement of responsibility, etc. / Hüseyn Mirzəyev, İftixar Çələbi, Bəyalı Əhmədov ; elmi redaktor H.İ.Mirzəyev ; rəy verənlər A.H.Abdullayev, A.D.Əhmədov
250 ## - EDITION STATEMENT
Edition statement I nəşr
264 ## - PRODUCTION, PUBLICATION, DISTRIBUTION, MANUFACTURE, AND COPYRIGHT NOTICE
Place of production, publication, distribution, manufacture Bakı:
Date of production, publication, distribution, manufacture, or copyright notice 2001.
300 ## - PHYSICAL DESCRIPTION
Extent 120 səhifə;
Other physical details şəkil, cədvəl,
Dimensions 20 sm.
336 ## - CONTENT TYPE
Content type term text
Content type code txt
Source rdacontent
337 ## - MEDIA TYPE
Media type term unmediated
Media type code n
Source rdamedia
338 ## - CARRIER TYPE
Carrier type term volume
Carrier type code nc
Source rdacarrier
500 ## - GENERAL NOTE
General note Bakı Mühəndislik Universitetinin 22.11.2019-cu il tarixli 2187 nömrəli əmri ilə bakalavriat səviyyəsi üçün dərs vəsaiti kimi nəşr hüququ (qrif) verilmişdir.
504 ## - BIBLIOGRAPHY, ETC. NOTE
Bibliography, etc. note Ədəbiyyat siyahısı: s. 113
505 0# - Formatted Contents Note
Formatted contents note Ön Söz -- 1. Dişli Çarxların Konstruksiyaları -- 2. Reduktorların Konstruksiyaları -- 3. Diyirlənmə Sürtünməsi Yastıqlarının Konstruksiyaları -- 4. Muftaların Konstruksiyaları -- 5. Yiv Birləşməsində Sürtünmə Momenti Və Əmsalının Təyini -- 6. Qayış Ötürməsinin Həndəsi Ölçülərinin Təyini -- 7. Zəncir Ötürməsinin Həndəsi Parametrlərinin Təyini -- 8. Diyirlənmə Sürtünməsi Yastıqlarının Tədqiqi -- 9. Sürüşmə Sürtünməsi Yastıqlarında Sürtünmə Momentinin Təyini.
520 0# - SUMMARY, ETC.
Summary, etc. Dərs vəsaitində ali texniki məktəblərdə tədris olunan “Maşın hissələri və konstruksiya etmənin əsasları”, “Mexanika”, “Tətbiqi mexanika”, “Texniki mexanika”, “Maşınların yaradılmasının texniki əsasları”, “Maşın, qurğu və avadanlıqların layihələndirilməsi” və s. kimi mexanika yönümlü fənlər üzrə 12 laboratoriya işi toplanmışdır. Kitabda hər bir laboratoriya işinə aid qısa, amma əhatəli nəzəri məlumat, laboratoriya işlərinin aparılma qaydaları və hesablama işlərində tələb olunan zəruri sorğu materialı verilmişdir.
521 ## - TARGET AUDIENCE NOTE
Target audience note Kitab ali texniki məktəblərdə tədris alan tələbələr üçün nəzərdə tutulmuşdur, o həmçinin bu fənni tədris edən müəllimlər üçün də faydalı ola bilər.
650 #7 - SUBJECT ADDED ENTRY--TOPICAL TERM
Topical term or geographic name entry element Maşınqayırma
Source of heading or term AZ-XaKU
655 ## - INDEX TERM--GENRE/FORM
Source of term Az-XaKU
Genre/form data or focus term Dərs vəsaiti
700 1# - ADDED ENTRY--PERSONAL NAME
Personal name Çələbi, İftixar,
Relator term müəllif.
700 1# - ADDED ENTRY--PERSONAL NAME
Personal name Əhmədov, Bəyalı,
Relator term müəllif.
700 1# - ADDED ENTRY--PERSONAL NAME
Personal name Abdullayev, A.H.,
Relator term rəyçi.
700 1# - ADDED ENTRY--PERSONAL NAME
Personal name Əhmədov, A.D.,
Relator term rəyçi.
942 ## - ADDED ENTRY ELEMENTS (KOHA)
Koha item type Book
Holdings
Withdrawn status Lost status Source of classification or shelving scheme Damaged status Not for loan Collection Home library Current library Date acquired Total checkouts Full call number Barcode Date last seen Copy number Price effective from Koha item type
    Library of Congress Classification     General Collection Karabakh University Main Library Karabakh University Main Library 05/13/2026   TJ230 .M680 2022 0000000343 05/13/2026 1 05/13/2026 Book